Pequeno dicionário poético- humorístico ilustrado (Record no. 156319)

MARC details
000 -LÍDER
campo de controle de tamanho fixo 00406 a2200157 4500
001 - NÚMERO DE CONTROLE
campo de controle 156319
020 ## - ISBN - INTERNATIONAL STANDARD BOOK NUMBER
ISBN - International Standard Book Number 9788535638714
040 ## - FONTE DA CATALOGAÇÃO
Instituição que transcreveu o registro Escola São Tomás de Aquino
100 ## - ENTRADA PRINCIPAL--NOME PESSOAL
Nome pessoal JOSÉ, Elias
240 10 - TÍTULO UNIFORME
Título uniforme Pequeno dicionário poético- humorístico ilustrado
Idioma da obra por
245 10 - TÍTULO
Título Pequeno dicionário poético- humorístico ilustrado
300 ## - DESCRIÇÃO FÍSICA
Extensão 113
362 0# - DATAS DE PUBLICAÇÃO E/OU DESIGNAÇÃO SEQUENCIAL
Datas de publicação e/ou designação sequencial 2015
697 ## - ENTRADA DE ASSUNTO LOCAL--ENTIDADE COLETIVA (RLIN)
Nome corporativo ou nome da jurisdição Poesia
942 ## - ELEMENTOS DE ENTRADA ADICIONADOS (KOHA)
Tipo de material Koha Livros
Holdings
Situação do descarte Situação das perdas Situação física Não pode ser emprestado Biblioteca de origem Biblioteca atual Data de aquisição Total de empréstimos Número de chamada completo Código de barras Data de último acesso Data do preço efetivo Tipo de material Koha
        ESTA - SÃO BENTO ESTA - SÃO BENTO 30/04/2024   B869.91 JOS PEQ EST00010443 30/04/2024 30/04/2024 Livros